[Event "ICS rated blitz match"]
[Site "204.178.125.65"]
[Date "2000.03.24"]
[Round "?"]
[White "Hossa"]
[Black "undertaker1"]
[Result "0-1"]
[WhiteElo "2560"]
[BlackElo "2683"]
[PlyCount "188"]

1. c4 Nf6 2. Nc3 g6 3. d4 Bg7 4. e4 d6 5. Nf3 O-O 6. Bg5 Nbd7 7. Bd3 e5 8. O-O
h6 9. Be3 Ng4 10. Qd2 c6 11. Rad1 Qf6 12. h3 Nxe3 13. fxe3 exd4 14. exd4 Qe6
15. Qf2 Re8 16. a3 Nb6 17. b3 Qe7 18. Rde1 Qf6 19. b4 Be6 20. c5 dxc5 21. bxc5
Nc4 22. a4 Rad8 23. Ne2 Nb2 24. Bc2 Qe7 25. Rb1 Nc4 26. Bd3 Na5 27. Rbd1 Nb3
28. Kh1 b6 29. Bc2 Bc4 30. cxb6 axb6 31. Bxb3 Bxb3 32. Rb1 Bxa4 33. Nc3 b5 34.
e5 Ra8 35. Ne4 Qe6 36. Nc5 Qf5 37. Rbc1 Rec8 38. g4 Qf4 39. Rce1 h5 40. Re4 Qh6
41. g5 Qh7 42. Rf4 Bh8 43. Nd2 Rc7 44. Nde4 Re8 45. Nd6 Ree7 46. e6 Bb3 47.
Nxb3 Rxe6 48. Nxf7 Qg7 49. Nxh8 Kxh8 50. Rf8+ Kh7 51. Nc5 Ree7 52. h4 b4 53.
Qf4 Ra7 54. Nd3 b3 55. Nc5 b2 56. Qf2 Ra2 57. Qf3 Ra1 58. Ne6 b1=R 59. Nxg7
Rxf1+ 60. Qxf1 Rxf1+ 61. Rxf1 Kxg7 62. Rf4 Re2 63. Kg1 Rd2 64. Kf1 Rh2 65. Ke1
Rg2 66. Kf1 Rd2 67. Kg1 Re2 68. Rf6 Re4 69. Rxc6 Rxh4 70. Rc7+ Kf8 71. Rd7 Rg4+
72. Kf2 Rxg5 73. Ke3 Rf5 74. Ke4 Rf7 75. Rd5 Re7+ 76. Kd3 Kf7 77. Rd6 h4 78. d5
h3 79. Rd8 Re5 80. Rd7+ Ke8 81. Rb7 Rxd5+ 82. Kc4 Rd7 83. Rb8+ Rd8 84. Rb3 h2
85. Re3+ Kf7 86. Rf3+ Ke6 87. Re3+ Kf5 88. Rf3+ Kg4 89. Rf6 h1=Q 90. Rxg6+ Kf5
91. Rg7 Qc6+ 92. Kb3 Rb8+ 93. Rb7 Rxb7+ 94. Ka3 Qa6# 0-1

[Event "ICS rated blitz match"]
[Site "204.178.125.65"]
[Date "2000.03.24"]
[Round "?"]
[White "undertaker1"]
[Black "Hossa"]
[Result "1-0"]
[WhiteElo "2694"]
[BlackElo "2549"]
[PlyCount "147"]

1. e4 c5 2. Nf3 Nc6 3. d4 cxd4 4. Nxd4 Nf6 5. Nc3 d6 6. Bg5 e6 7. Qd2 a6 8.
O-O-O h6 9. Be3 Be7 10. f4 Nxd4 11. Bxd4 b5 12. Qe3 Qc7 13. e5 dxe5 14. fxe5
Nd7 15. Ne4 Bb7 16. Nd6+ Qxd6 17. exd6 Bg5 18. Qxg5 hxg5 19. Bxg7 Rh4 20. Bd4
Rc8 21. Bf2 Rh6 22. Be3 f6 23. Kb1 Kf7 24. Rd2 Rh3 25. Bf2 Rch8 26. Bg1 R3h6
27. a3 f5 28. Bd3 Kf6 29. Ka1 e5 30. Kb1 R8h7 31. Bf1 e4 32. c4 bxc4 33. Bxc4
Ne5 34. Bb3 Bc6 35. Rc2 e3 36. Bxe3 Be4 37. h3 Rb7 38. Ka2 Bxc2 39. Bxc2 Rb5
40. Rd1 Rb8 41. d7 Rd8 42. Rd6+ Kg7 43. Rxh6 Kxh6 44. Bxf5 Kh5 45. Bd2 Rxd7 46.
Bxd7 Nxd7 47. Kb3 Nc5+ 48. Kc4 Ne4 49. Be1 g4 50. h4 g3 51. Kd3 Nd6 52. Bxg3
Nf5 53. Bf2 Kg4 54. b4 Kh5 55. Ke4 Kg4 56. a4 Nd6+ 57. Kd5 Nf7 58. a5 Nh6 59.
b5 Nf5 60. bxa6 Ne7+ 61. Ke6 Nc6 62. a7 Nxa7 63. Bxa7 Kf4 64. a6 Ke4 65. Bb6
Kd3 66. a7 Kc4 67. a8=Q Kb4 68. Qe4+ Kc3 69. Qc6+ Kb3 70. Qd5+ Kc3 71. Qa2 Kb4
72. Kd5 Kc3 73. Ba5+ Kd3 74. Qd2# 1-0

[Event "ICS rated blitz match"]
[Site "204.178.125.65"]
[Date "2000.03.24"]
[Round "?"]
[White "Hossa"]
[Black "undertaker1"]
[Result "0-1"]
[WhiteElo "2539"]
[BlackElo "2704"]
[PlyCount "114"]

1. c4 Nf6 2. Nc3 g6 3. Nf3 Bg7 4. g3 O-O 5. Bg2 d6 6. d4 Nbd7 7. O-O e5 8. dxe5
dxe5 9. Bg5 h6 10. Bxf6 Qxf6 11. Qd2 Nb6 12. Qc1 Rd8 13. c5 Nd5 14. Nxd5 Rxd5
15. Nd2 Rd8 16. c6 bxc6 17. Ne4 Qe6 18. Nc5 Qe8 19. Qc2 Rb8 20. Rad1 Rd6 21.
Rfe1 Qe7 22. e3 Rb5 23. Rc1 Rb4 24. a3 Rb5 25. b4 a6 26. Qc4 Qd8 27. Rc2 Rd1
28. Qe2 Rxe1+ 29. Qxe1 Qe8 30. Qc1 Rb6 31. Rd2 Bg4 32. Na4 Rb8 33. Bxc6 Qe7 34.
Nc5 a5 35. bxa5 Bh3 36. f3 Qg5 37. Rd3 Bf8 38. Bd7 Bf5 39. Bxf5 Qxf5 40. e4
Bxc5+ 41. Qxc5 Rb1+ 42. Kf2 Qh3 43. Ke3 Re1+ 44. Kd2 Qf1 45. Qd5 Re2+ 46. Kc3
Rxh2 47. Qd8+ Kg7 48. Kb3 c6 49. Kb4 Rc2 50. a6 Qe1+ 51. Ka4 Rc4+ 52. Kb3 Qc1
53. Qg8+ Kxg8 54. Rd8+ Kg7 55. Ka2 Rc2+ 56. Kb3 Rc3+ 57. Ka4 Qxa3# 0-1

[Event "ICS rated blitz match"]
[Site "204.178.125.65"]
[Date "2000.03.24"]
[Round "?"]
[White "undertaker1"]
[Black "Hossa"]
[Result "1/2-1/2"]
[WhiteElo "2713"]
[BlackElo "2530"]
[PlyCount "248"]

1. e4 e6 2. d4 d5 3. Nc3 Bb4 4. e5 c5 5. a3 Bxc3+ 6. bxc3 Ne7 7. Qg4 O-O 8. Bd3
f5 9. exf6 Rxf6 10. Bg5 Rf7 11. Qh4 h6 12. Bxe7 Rxe7 13. Nf3 e5 14. dxe5 Rxe5+
15. Kd2 Qxh4 16. Nxh4 Nc6 17. f4 Re6 18. Rae1 Bd7 19. Rxe6 Bxe6 20. Rb1 g5 21.
Nf5 gxf4 22. Rxb7 Bxf5 23. Bxf5 Ne5 24. Kc1 Re8 25. Rxa7 Nc4 26. Kb1 Re2 27.
Bh3 Kh8 28. a4 Na3+ 29. Kb2 Nxc2 30. Rd7 Ne3+ 31. Kb3 Rd2 32. a5 Nc4 33. Ra7
Rb2+ 34. Ka4 Nd6 35. Rd7 Nb5 36. Rxd5 Nxc3+ 37. Ka3 Rb5 38. Rd8+ Kg7 39. Rd7+
Kf6 40. a6 Ke5 41. Re7+ Kd4 42. Rd7+ Ke3 43. Bf5 Ra5+ 44. Kb3 Nb5 45. Re7+ Kf2
46. Bh3 Kg1 47. Rh7 Rxa6 48. Kc4 Na3+ 49. Kxc5 Kxh2 50. Rf7 Kg3 51. Rg7+ Kf2
52. Kd5 Nb1 53. Ke5 Ke3 54. Re7 Nc3 55. Kf5+ Kf2 56. Rd7 Ne2 57. Rd3 Rb6 58.
Rf3+ Kg1 59. Rd3 h5 60. Rd2 Rb5+ 61. Kf6 Kf2 62. Rd3 Ng1 63. Bd7 Rc5 64. Rd2+
Ne2 65. Bf5 f3 66. gxf3 Kxf3 67. Rd1 Kf2 68. Rd3 Ng3 69. Bg6 h4 70. Rd2+ Kf3
71. Rd3+ Ke2 72. Rd4 h3 73. Rh4 Nh1 74. Rxh3 Nf2 75. Bh5+ Kf1 76. Rh4 Rc6+ 77.
Kg7 Rc7+ 78. Kh8 Ke1 79. Kg8 Rc8+ 80. Kh7 Rb8 81. Bf7 Rf8 82. Kg7 Ra8 83. Kh7
Ra7 84. Kg7 Ra3 85. Rh5 Rg3+ 86. Bg6 Nd3 87. Rh8 Kf1 88. Rg8 Kg1 89. Rh8 Nf4
90. Rh6 Nd5 91. Kh8 Ne3 92. Bh7 Rf3 93. Rh4 Rf8+ 94. Bg8 Rd8 95. Re4 Nf5 96.
Kh7 Rb8 97. Rf4 Rb7+ 98. Kh8 Ne3 99. Rf6 Rb5 100. Be6 Rg5 101. Bg8 Rg3 102. Kh7
Rh3+ 103. Rh6 Rf3 104. Be6 Rf4 105. Kg7 Rb4 106. Kh8 Rb8+ 107. Kh7 Rb7+ 108.
Kh8 Re7 109. Bg8 Rc7 110. Rg6+ Kf2 111. Rh6 Kg3 112. Rg6+ Kf3 113. Bh7 Kf4 114.
Rh6 Rf7 115. Rg6 Rd7 116. Rh6 Ke5 117. Rg6 Re7 118. Rh6 Rf7 119. Rg6 Rd7 120.
Rh6 Rd8+ 121. Bg8 Kd4 122. Rh4+ Kc5 123. Kh7 Rd7+ 124. Kh8 Kc6 1/2-1/2

[Event "ICS rated blitz match"]
[Site "204.178.125.65"]
[Date "2000.03.24"]
[Round "?"]
[White "Hossa"]
[Black "Manopesada"]
[Result "1-0"]
[WhiteElo "2541"]
[BlackElo "2152"]
[PlyCount "57"]

1. e4 c5 2. c3 d5 3. exd5 Qxd5 4. d4 Nf6 5. Nf3 e6 6. Na3 Qd8 7. Bf4 Nc6 8. Nc2
cxd4 9. Ncxd4 Bd7 10. Nb5 Nd5 11. Nd6+ Bxd6 12. Bxd6 Qf6 13. Bb5 O-O-O 14. O-O
Nc7 15. Qe2 Qf5 16. c4 a6 17. Ba4 f6 18. Rfd1 e5 19. b4 Nb8 20. b5 Be8 21. Bxc7
Kxc7 22. b6+ Kc8 23. Rxd8+ Kxd8 24. Qd2+ Ke7 25. Bxe8 Rxe8 26. Rd1 Kf8 27. Qd6+
Kg8 28. Qd5+ Qe6 29. Qxe6+ 1-0

[Event "ICS rated blitz match"]
[Site "204.178.125.65"]
[Date "2000.03.24"]
[Round "?"]
[White "PostModernist"]
[Black "Hossa"]
[Result "1-0"]
[WhiteElo "2575"]
[BlackElo "2544"]
[PlyCount "121"]

1. e4 e6 2. d4 d5 3. Nd2 Nf6 4. e5 Nfd7 5. Ngf3 c5 6. c3 Nc6 7. Be2 g5 8. Nb3
g4 9. Ng1 cxd4 10. cxd4 a5 11. a4 h5 12. h3 Bb4+ 13. Bd2 g3 14. fxg3 Qg5 15. g4
hxg4 16. Bxb4 Nxb4 17. Bxg4 Qf4 18. Bf3 Qh4+ 19. Kf1 b6 20. Ne2 Ba6 21. Rb1 Rc8
22. Rc1 Bc4 23. Qd2 Rc6 24. Rc3 Bxb3 25. Rxb3 Rc2 26. Qd1 Qh7 27. Kg1 Rc4 28.
h4 Nc2 29. Rc3 Rxc3 30. Nxc3 Ne3 31. Qd2 Nf5 32. h5 Qg7 33. Nb5 Qg3 34. Rh3 Qg7
35. Qc2 Ke7 36. Qd2 Rh7 37. Qc1 f6 38. exf6+ Qxf6 39. Qd2 Rh8 40. Qf4 Rg8 41.
h6 Qg6 42. Na7 e5 43. dxe5 Ke6 44. h7 Rh8 45. Bg4 Rxh7 46. Rxh7 Qxh7 47. Nc6 d4
48. Bxf5+ Qxf5 49. Nxd4+ Kd5 50. Qxf5 Nxe5 51. Nb5 Kc4 52. Qxe5 Kd3 53. Qd4+
Kc2 54. Na3+ Kb3 55. Qd3+ Ka2 56. Qb1+ Kb3 57. Qc2+ Ka2 58. Nb5 Ka1 59. g4 Ka2
60. Nc3+ Ka1 61. Qc1# 1-0

[Event "ICS rated blitz match"]
[Site "204.178.125.65"]
[Date "2000.03.24"]
[Round "?"]
[White "Hossa"]
[Black "notradamus"]
[Result "1-0"]
[WhiteElo "2529"]
[BlackElo "1905"]
[PlyCount "39"]

1. e4 d6 2. d4 g6 3. Nf3 Bg7 4. Bc4 c6 5. O-O Nd7 6. Ng5 Nh6 7. Bxf7+ Nxf7 8.
Ne6 Qb6 9. Nxg7+ Kf8 10. Ne6+ Kg8 11. Na3 Nf6 12. Nc4 Qb4 13. Nc7 Qxc4 14. Nxa8
Nxe4 15. Re1 Nf6 16. Rxe7 Kf8 17. Re2 Kg7 18. Nc7 Rd8 19. b3 Qb4 20. Bd2 1-0

[Event "ICS rated blitz match"]
[Site "204.178.125.65"]
[Date "2000.03.24"]
[Round "?"]
[White "Hossa"]
[Black "star"]
[Result "0-1"]
[WhiteElo "2530"]
[BlackElo "2699"]
[PlyCount "160"]

1. e4 c5 2. Nf3 Nc6 3. d4 cxd4 4. Nxd4 g6 5. Nc3 Bg7 6. Be3 Nf6 7. Bc4 O-O 8.
Bb3 d6 9. f3 Bd7 10. Qd2 Nxd4 11. Bxd4 b5 12. O-O-O a5 13. Nd5 Nxd5 14. Bxd5
Bxd4 15. Qxd4 Ra6 16. e5 e6 17. Bb7 Rb6 18. Be4 d5 19. Bd3 Rb7 20. Qf4 f5 21.
exf6 Qxf6 22. Qxf6 Rxf6 23. Rhe1 Rc7 24. Re5 Rf4 25. Rd2 b4 26. Rf2 a4 27. g3
Rf8 28. f4 Ra8 29. Rfe2 a3 30. b3 Rc3 31. Kd2 Rac8 32. Ke3 Kg7 33. g4 Rf8 34.
h4 h6 35. Re1 Rf7 36. Rd1 Rc8 37. Rf1 Rff8 38. Kf3 Rc3 39. Rd1 Rf6 40. Kg3 Rf7
41. Rd2 Rf8 42. Kf3 Kg8 43. Rd1 Kh8 44. Rde1 Kg7 45. R1e3 Rfc8 46. h5 gxh5 47.
Rxh5 Rh8 48. Rh2 Rd8 49. Rhe2 Rf8 50. Kg3 Rf7 51. Rd2 Rf8 52. Rd1 Rf7 53. Re5
Rf6 54. Rde1 Bb5 55. g5 hxg5 56. fxg5 Rg6 57. Kf4 Bxd3 58. cxd3 Rxd3 59. Rxe6
Rxe6 60. Rxe6 Rd2 61. Rb6 Rxa2 62. Rxb4 Ra1 63. Rb7+ Kf8 64. Rb8+ Ke7 65. Rb7+
Kd6 66. g6 Rf1+ 67. Kg5 a2 68. Rb6+ Ke5 69. Ra6 a1=Q 70. Rxa1 Rxa1 71. Kh6 d4
72. b4 Rh1+ 73. Kg7 d3 74. Kf7 d2 75. g7 d1=Q 76. Ke8 Kf6 77. g8=N+ Ke6 78. Kf8
Qf3+ 79. Nf6 Rh8+ 80. Kg7 Qxf6# 0-1

[Event "ICS rated bullet match"]
[Site "204.178.125.65"]
[Date "2000.03.24"]
[Round "?"]
[White "Hossa"]
[Black "perth"]
[Result "1-0"]
[WhiteElo "2528"]
[BlackElo "1634"]
[PlyCount "37"]

1. e4 e5 2. Nf3 d6 3. d4 exd4 4. Nxd4 Nf6 5. Nc3 Be7 6. Bc4 O-O 7. Bf4 a6 8.
O-O b5 9. Bd5 Nxd5 10. Nxd5 Bb7 11. Nf5 Bf6 12. Nxc7 Qxc7 13. Bxd6 Qc6 14. Bxf8
Qxe4 15. Ne3 Kxf8 16. Re1 Nc6 17. Nd5 Qf5 18. g4 Rd8 19. gxf5 1-0

[Event "ICS rated bullet match"]
[Site "204.178.125.65"]
[Date "2000.03.24"]
[Round "?"]
[White "perth"]
[Black "Hossa"]
[Result "0-1"]
[WhiteElo "1634"]
[BlackElo "2528"]
[PlyCount "36"]

1. e4 e5 2. Nf3 Nc6 3. Bc4 Bc5 4. O-O d6 5. h3 Nf6 6. Nc3 Be6 7. d3 Bxc4 8.
dxc4 Bb4 9. Bg5 Bxc3 10. bxc3 b6 11. Re1 h6 12. Bh4 g5 13. Nxg5 hxg5 14. Bxg5
Rg8 15. h4 Qe7 16. Qf3 Rg6 17. Re3 Qe6 18. Qh5 Nxh5 0-1

[Event "ICS rated blitz match"]
[Site "204.178.125.65"]
[Date "2000.03.24"]
[Round "?"]
[White "spenge"]
[Black "Hossa"]
[Result "0-1"]
[WhiteElo "2198"]
[BlackElo "2521"]
[PlyCount "22"]

1. c4 e5 2. a3 Nc6 3. Nc3 Nf6 4. g3 Be7 5. Bg2 d6 6. e3 Be6 7. Nd5 e4 8. Nxe7
Qxe7 9. b3 Ne5 10. Ne2 Nd3+ 11. Kf1 Ng4 0-1

[Event "ICS rated bullet match"]
[Site "204.178.125.65"]
[Date "2000.03.24"]
[Round "?"]
[White "Hossa"]
[Black "Zebbile"]
[Result "1-0"]
[WhiteElo "2528"]
[BlackElo "1677"]
[PlyCount "57"]

1. c4 c6 2. Nc3 d5 3. d4 Bf5 4. cxd5 cxd5 5. Qb3 Qd7 6. Qxd5 Qxd5 7. Nxd5 Na6
8. e3 e6 9. Bxa6 exd5 10. Bxb7 Rd8 11. Bc6+ Bd7 12. Bxd5 Bb5 13. a4 Rxd5 14.
axb5 Rxb5 15. Rxa7 Rb8 16. Nf3 Bb4+ 17. Ke2 Nf6 18. Bd2 Bxd2 19. Nxd2 O-O 20.
Rb1 Rb4 21. b3 Rfb8 22. Ra5 h6 23. Rc5 Nd7 24. Rc3 Nf6 25. Rc4 Rxc4 26. bxc4
Nd5 27. Rxb8+ Kh7 28. cxd5 Kg6 29. Kf3 1-0

[Event "ICS rated bullet match"]
[Site "204.178.125.65"]
[Date "2000.03.24"]
[Round "?"]
[White "Zebbile"]
[Black "Hossa"]
[Result "0-1"]
[WhiteElo "1677"]
[BlackElo "2528"]
[PlyCount "22"]

1. d3 d5 2. Nc3 Nf6 3. e4 dxe4 4. dxe4 Qxd1+ 5. Kxd1 Nc6 6. Bb5 Bd7 7. Nf3
O-O-O 8. Bd2 a6 9. Bc4 Bg4 10. Bxf7 Nd4 11. Nd5 Nxe4 0-1

[Event "ICS rated bullet match"]
[Site "204.178.125.65"]
[Date "2000.03.24"]
[Round "?"]
[White "perth"]
[Black "Hossa"]
[Result "0-1"]
[WhiteElo "1635"]
[BlackElo "2528"]
[PlyCount "46"]

1. e4 e5 2. Nf3 Nc6 3. Bc4 Nf6 4. Nc3 Nxe4 5. Nxe4 d5 6. Qe2 dxc4 7. Qxc4 Be7
8. O-O f5 9. Ng3 e4 10. Ne1 Bd6 11. d3 Bxg3 12. hxg3 Qd4 13. Qb5 a6 14. Qb3 a5
15. dxe4 a4 16. Qf3 fxe4 17. Qh5+ g6 18. Qg5 Be6 19. c3 Qd5 20. Qe3 O-O-O 21.
Qf4 h6 22. Be3 g5 23. Nc2 gxf4 0-1

[Event "ICS rated standard match"]
[Site "204.178.125.65"]
[Date "2000.03.24"]
[Round "?"]
[White "Hossa"]
[Black "sleepydude"]
[Result "1-0"]
[WhiteElo "2242"]
[BlackElo "2177"]
[PlyCount "87"]

1. d4 Nf6 2. c4 e6 3. Nf3 b6 4. Nc3 Bb7 5. Bg5 h6 6. Bh4 g5 7. Bg3 Bb4 8. Nd2
Nc6 9. e3 Qe7 10. a3 Bxc3 11. bxc3 Rg8 12. e4 e5 13. d5 Nb8 14. Bd3 Na6 15. Nb3
c6 16. O-O Rc8 17. a4 h5 18. f3 h4 19. Bf2 cxd5 20. exd5 h3 21. g3 g4 22. f4 e4
23. Re1 Kf8 24. Bd4 Nc5 25. Nxc5 bxc5 26. Bxf6 Qxf6 27. Rxe4 Qxc3 28. Rb1 Ba8
29. Be2 Qa3 30. f5 Qa2 31. Qc1 Rh8 32. Re3 Bxd5 33. Ra1 Bxc4 34. Rxa2 Bxa2 35.
Qb2 Rg8 36. Qxa2 d6 37. Qd5 Rg5 38. Bc4 Rg7 39. f6 Kg8 40. fxg7 Kh7 41. Qh5+
Kxg7 42. Qxf7+ Kh6 43. Qf6+ Kh5 44. Bf7# 1-0

[Event "ICS rated standard match"]
[Site "204.178.125.65"]
[Date "2000.03.24"]
[Round "?"]
[White "sleepydude"]
[Black "Hossa"]
[Result "1-0"]
[WhiteElo "2158"]
[BlackElo "2250"]
[PlyCount "155"]

1. e4 c5 2. Nf3 d6 3. d4 cxd4 4. Nxd4 Nf6 5. Nc3 a6 6. Bg5 e6 7. Be2 Be7 8. Qd2
Nc6 9. Nxc6 bxc6 10. O-O-O d5 11. Rhe1 O-O 12. e5 Nd7 13. Bxe7 Qxe7 14. f4 Rb8
15. g3 f6 16. exf6 Nxf6 17. Qd4 g6 18. h4 c5 19. Qe5 Nd7 20. Qc7 Rb7 21. Qa5
Rb6 22. Na4 Rb8 23. Bf3 Rb5 24. Qc7 Rb7 25. Qc6 Nb8 26. Qxc5 Qf6 27. Re3 Qd8
28. Kb1 a5 29. Bg4 Rf6 30. b3 Na6 31. Qa3 Nb4 32. c3 Nc6 33. Nc5 Qf8 34. Kb2
Re7 35. h5 gxh5 36. Bxh5 Rc7 37. Rxd5 h6 38. Rdd3 Rf5 39. Nxe6 Bxe6 40. Bg4 Bc8
41. Bxf5 Qxa3+ 42. Kxa3 Bxf5 43. Rd5 Bg4 44. Ka4 Bd7 45. Rd1 h5 46. Kb5 Bh3 47.
Kb6 Rc8 48. Rd5 Bg4 49. Rc5 Bd7 50. Rxh5 a4 51. b4 Nd8 52. Rc5 Ne6 53. Rxc8+
Bxc8 54. Kc6 Ng7 55. b5 Kf7 56. b6 Nf5 57. Re5 Nxg3 58. Kc7 Ba6 59. Ra5 Ne4 60.
Rxa6 Nc5 61. Ra8 Ke7 62. Kc6 Ne6 63. b7 Nd8+ 64. Rxd8 Kxd8 65. Kd6 Ke8 66. c4
Kf7 67. b8=Q Kf6 68. Qf8+ Kg6 69. Qg8+ Kf5 70. Qg5+ Ke4 71. c5 Kd4 72. Qe5+ Kd3
73. c6 Kc2 74. c7 Kc1 75. c8=Q+ Kb1 76. Qc4 a3 77. Qcc5 Kxa2 78. Qc2# 1-0

[Event "ICS rated standard match"]
[Site "204.178.125.65"]
[Date "2000.03.24"]
[Round "?"]
[White "pokemaniac"]
[Black "Hossa"]
[Result "0-1"]
[WhiteElo "1878"]
[BlackElo "2237"]
[PlyCount "38"]

1. e4 e5 2. f4 exf4 3. Nf3 g5 4. Bc4 g4 5. O-O gxf3 6. Qxf3 Qf6 7. e5 Qxe5 8.
d3 Bh6 9. Nc3 Ne7 10. Bd2 Nbc6 11. Rae1 Qf5 12. Nd5 Kd8 13. Bc3 Rg8 14. Bf6 Bg5
15. Bxg5 Rxg5 16. Nxe7 Nxe7 17. Qxf4 Qxf4 18. Rxf4 f5 19. Rh4 Rg7 0-1

[Event "ICS rated standard match"]
[Site "204.178.125.65"]
[Date "2000.03.24"]
[Round "?"]
[White "pokemaniac"]
[Black "Hossa"]
[Result "0-1"]
[WhiteElo "1874"]
[BlackElo "2241"]
[PlyCount "42"]

1. e4 e5 2. Nf3 Nc6 3. Bb5 a6 4. Ba4 Nf6 5. O-O Be7 6. Re1 b5 7. Bb3 d6 8. c3
O-O 9. h3 Bb7 10. d4 Re8 11. Nbd2 Bf8 12. a4 h6 13. Qe2 exd4 14. axb5 dxc3 15.
bxc3 axb5 16. Rxa8 Qxa8 17. Qxb5 Ne5 18. Nxe5 Rxe5 19. Qc4 Re7 20. Qb5 Nxe4 21.
Qc4 d5 0-1

[Event "ICS rated standard match"]
[Site "204.178.125.65"]
[Date "2000.03.24"]
[Round "?"]
[White "Hossa"]
[Black "sleepydude"]
[Result "0-1"]
[WhiteElo "2244"]
[BlackElo "2196"]
[PlyCount "134"]

1. e4 c5 2. Nf3 Nc6 3. d4 cxd4 4. Nxd4 Nf6 5. Nc3 d6 6. Bg5 Bd7 7. Qd2 Nxd4 8.
Qxd4 Qa5 9. Bd2 e5 10. Qd3 Rc8 11. Be2 Qb6 12. O-O Be7 13. Rab1 Qd4 14. Be3
Qxd3 15. Bxd3 b6 16. Bg5 h6 17. Bxf6 Bxf6 18. Rfd1 Rc5 19. Ba6 Be7 20. Bb7 f5
21. Rd2 O-O 22. Rbd1 Rb8 23. Bd5+ Kh8 24. exf5 Bxf5 25. Be4 Bg4 26. f3 Be6 27.
a4 a6 28. Bd5 Bxd5 29. Nxd5 Bg5 30. Re2 a5 31. g3 b5 32. h4 Bd8 33. Ne3 Rc6 34.
axb5 Rxb5 35. c4 Rb3 36. c5 Rxc5 37. Kg2 Bc7 38. Nd5 Bb8 39. Nc3 Kg8 40. Nd5 a4
41. Ne7+ Kf7 42. Nd5 g6 43. Red2 Rcb5 44. Nc3 R5b4 45. Kh3 Ke6 46. Ra1 Ba7 47.
Nd5 Rc4 48. Nc3 Be3 49. Re2 Bd4 50. Rxa4 Rxa4 51. Nxa4 Rxf3 52. Rc2 e4 53. Rh2
Be5 54. Rg2 e3 55. Nc3 d5 56. Ne2 Kf5 57. Nc1 Ke4 58. Kh2 Rf1 59. Ne2 d4 60.
Nxd4 Bxd4 61. Rc2 Kf3 62. Rc7 e2 63. Re7 Be3 64. Rf7+ Kg4 65. Rf6 Rxf6 66. h5
Rf2+ 67. Kh1 e1=Q# 0-1

[Event "ICS rated standard match"]
[Site "204.178.125.65"]
[Date "2000.03.24"]
[Round "?"]
[White "sleepydude"]
[Black "Hossa"]
[Result "1-0"]
[WhiteElo "2229"]
[BlackElo "2231"]
[PlyCount "151"]

1. e4 c5 2. Nf3 d6 3. d4 cxd4 4. Nxd4 Nf6 5. Nc3 a6 6. Bg5 e6 7. Bc4 Be7 8. Qd2
Nc6 9. O-O-O Bd7 10. Nxc6 bxc6 11. Bxf6 Bxf6 12. Qxd6 Bxc3 13. bxc3 Ra7 14. f4
Rb7 15. Bxa6 Ra7 16. Bc4 Rb7 17. f5 Qg5+ 18. Rd2 Qf6 19. fxe6 fxe6 20. e5 Qe7
21. Rf1 Rg8 22. a4 Qxd6 23. exd6 Ra7 24. Bb3 Rf8 25. Rxf8+ Kxf8 26. Re2 Kf7 27.
Kd2 Kf6 28. Kd3 c5 29. Ke4 Bc6+ 30. Kf4 g5+ 31. Kg3 Bd5 32. c4 Bc6 33. Kg4 Bxa4
34. Rf2+ Kg6 35. Bxa4 Rxa4 36. Rd2 Ra3 37. g3 h5+ 38. Kh3 Ra8 39. g4 hxg4+ 40.
Kxg4 Kf6 41. Kf3 Rh8 42. Rd1 Ke5 43. Kg4 Rd8 44. Kxg5 Rxd6 45. Rxd6 Kxd6 46.
Kf6 e5 47. Kf5 e4 48. Kxe4 Ke7 49. Kd5 Kf6 50. Kxc5 Ke6 51. Kb6 Kd7 52. c5 Ke6
53. c6 Ke5 54. c7 Kd4 55. Kb5 Ke4 56. Kc5 Ke5 57. c8=Q Kf6 58. Qc6+ Kg7 59. Kd4
Kg8 60. Qd7 Kh8 61. Qh3+ Kg7 62. Qe6 Kh8 63. Qh6+ Kg8 64. Qf6 Kh7 65. Qe7+ Kg6
66. Qe5 Kf7 67. c4 Kg6 68. h4 Kf7 69. c5 Kg6 70. Qd5 Kf6 71. c6 Kg6 72. c7 Kg7
73. c8=Q Kg6 74. Qce6+ Kg7 75. Qe7+ Kg6 76. Qdg5# 1-0

[Event "ICS rated bullet match"]
[Site "204.178.125.65"]
[Date "2000.03.24"]
[Round "?"]
[White "PostModernist"]
[Black "Hossa"]
[Result "1/2-1/2"]
[WhiteElo "2563"]
[BlackElo "2529"]
[PlyCount "253"]

1. d4 Nf6 2. c4 c5 3. d5 e6 4. g3 exd5 5. cxd5 d6 6. Nc3 Nbd7 7. Bg2 Nb6 8. e4
Bd7 9. Nf3 Bg4 10. h3 Bh5 11. Qe2 Be7 12. g4 Bg6 13. Nh4 O-O 14. Nxg6 fxg6 15.
Be3 Nfd7 16. O-O-O g5 17. Rde1 Bf6 18. Nb5 Na4 19. b3 Nc3 20. Nxc3 Bxc3 21.
Ref1 Ne5 22. Kc2 Qa5 23. Kb1 c4 24. Qd1 Qc7 25. Bxg5 cxb3 26. Qxb3 Rac8 27. f4
Nf7 28. Rc1 Nxg5 29. fxg5 Rf2 30. Rc2 Rxc2 31. Qxc2 Qb6+ 32. Qb3 Qe3 33. h4
Qd3+ 34. Qc2 Qb5+ 35. Qb3 Qe2 36. Qc2 Qxg4 37. Bh3 Qf3 38. Qg2 Qxg2 39. Bxg2
Be5 40. Bh3 Rc4 41. Rf1 h6 42. gxh6 Rb4+ 43. Kc2 Rb2+ 44. Kd3 Rxa2 45. Be6+ Kh7
46. hxg7 Bxg7 47. Rg1 Kh8 48. Rg5 Ra3+ 49. Kc4 Be5 50. h5 Re3 51. Rg4 a6 52.
Bf7 Bg7 53. Kb4 Bd4 54. Rg8+ Kh7 55. Rc8 b6 56. Bg6+ Kh6 57. Rc4 Bc5+ 58. Rxc5
bxc5+ 59. Ka5 c4 60. Kb4 c3 61. Kb3 a5 62. Kc2 Kg5 63. Bf7 a4 64. e5 dxe5 65.
d6 e4 66. Bc4 Kf6 67. Bd5 a3 68. Kb3 a2 69. Kxa2 c2 70. Kb2 Rc3 71. Kc1 e3 72.
Bf3 Ke6 73. h6 Kxd6 74. h7 Rc8 75. Be2 Rh8 76. Kxc2 Rxh7 77. Kd3 Re7 78. Bh5
Kc5 79. Bf3 Re6 80. Bg4 Re5 81. Be2 Kb4 82. Kd4 Re7 83. Kd3 Kb3 84. Bh5 Kb2 85.
Bg4 Re8 86. Bh5 Re6 87. Be2 Re5 88. Bf3 Kb1 89. Be2 Re8 90. Bh5 Re7 91. Bg4 Kb2
92. Bh5 Kc1 93. Be2 Re6 94. Bf3 Kb1 95. Be2 Ka2 96. Bh5 Re5 97. Bf3 Ka3 98. Bg4
Ka2 99. Bf3 Kb3 100. Bd1+ Kb4 101. Bf3 Kb5 102. Bg4 Re7 103. Be2 Kb4 104. Bh5
Kb3 105. Bd1+ Ka2 106. Bf3 Re5 107. Be2 Kb3 108. Bd1+ Kb4 109. Bf3 Ka5 110. Be2
Re7 111. Bf3 Ka4 112. Bh5 Re6 113. Bg4 Re5 114. Bd1+ Kb5 115. Bg4 Re7 116. Be2
Re6 117. Bg4 Re5 118. Bf3 Kb6 119. Bg4 Kc7 120. Bf3 Kd7 121. Be2 Kc6 122. Bf3+
Kc7 123. Bg4 Kd6 124. Be2 Kc5 125. Bf3 Re7 126. Be2 Re6 127. Bg4 1/2-1/2

[Event "ICS rated bullet match"]
[Site "204.178.125.65"]
[Date "2000.03.24"]
[Round "?"]
[White "Hossa"]
[Black "Dfile"]
[Result "1-0"]
[WhiteElo "2531"]
[BlackElo "1952"]
[PlyCount "75"]

1. c4 d5 2. cxd5 Qxd5 3. Nc3 Qd8 4. Nf3 Bf5 5. e4 Bc8 6. d4 e6 7. Bf4 Nf6 8.
Bd3 c6 9. e5 Nd5 10. Bg5 Be7 11. Nxd5 cxd5 12. Bxe7 Qxe7 13. O-O O-O 14. Qc2 h6
15. Rac1 Bd7 16. Rfd1 Nc6 17. Re1 Rac8 18. Qd2 Na5 19. Qxa5 Rxc1 20. Rxc1 b6
21. Qxa7 Re8 22. Rc7 Rd8 23. Bb5 Qe8 24. Bxd7 Qf8 25. Qxb6 Kh8 26. Qc5 Qg8 27.
Rc8 Rxc8 28. Qxc8 Qxc8 29. Bxc8 Kg8 30. a4 Kf8 31. a5 Ke8 32. a6 Kd8 33. a7
Kxc8 34. a8=Q+ Kc7 35. Qa7+ Kc6 36. b4 Kb5 37. Nd2 Kxb4 38. Qc5+ 1-0

[Event "ICS rated bullet match"]
[Site "204.178.125.65"]
[Date "2000.03.24"]
[Round "?"]
[White "Dfile"]
[Black "Hossa"]
[Result "0-1"]
[WhiteElo "1951"]
[BlackElo "2532"]
[PlyCount "58"]

1. d4 d5 2. Bf4 c5 3. dxc5 Nf6 4. h3 e6 5. e3 Nc6 6. c3 Bxc5 7. Nf3 O-O 8. Be2
Re8 9. O-O e5 10. Bh2 Bf5 11. Qe1 Qb6 12. b3 Qc7 13. Bd1 Rac8 14. Bc2 Bxc2 15.
Nbd2 Bd3 16. c4 d4 17. Nxd4 Bxd4 18. exd4 Nxd4 19. Rc1 Ne2+ 20. Kh1 Nxc1 21.
Qxc1 Bxf1 22. Qxf1 Qa5 23. Nf3 e4 24. Qe1 Qxa2 25. Nd2 Rcd8 26. Nb1 Qxb3 27. f3
Rd1 28. Qxd1 Qxd1+ 29. Bg1 Qxb1 0-1

[Event "ICS rated standard match"]
[Site "204.178.125.65"]
[Date "2000.03.24"]
[Round "?"]
[White "Hossa"]
[Black "Rath"]
[Result "1-0"]
[WhiteElo "2219"]
[BlackElo "2242"]
[PlyCount "123"]

1. c4 Nf6 2. Nc3 g6 3. d4 d5 4. cxd5 Nxd5 5. Nf3 Bg7 6. Nxd5 Qxd5 7. e3 O-O 8.
b3 c5 9. Bc4 Qh5 10. Be2 cxd4 11. Nxd4 Qg5 12. h4 Qa5+ 13. Bd2 Qb6 14. h5 Nc6
15. Nxc6 bxc6 16. hxg6 hxg6 17. Rc1 Ba6 18. Bxa6 Qxa6 19. Rc2 Rac8 20. Qg4 c5
21. Qh3 Rfd8 22. Qh7+ Kf8 23. g3 Qd3 24. Kd1 c4 25. b4 c3 26. Qh3 cxd2 27. Qxc8
Qd5 28. Qc6 Qd3 29. g4 Bf6 30. g5 Bxg5 31. Rh8+ Kg7 32. Rxd8 Qxd8 33. Rxd2 Qb8
34. a3 Bf6 35. Ke2 Qe5 36. Qa8 Qh5+ 37. f3 Bc3 38. Rd1 Qb5+ 39. Kf2 Qh5 40.
Qxa7 Qh2+ 41. Kf1 Qg3 42. Qb7 Bf6 43. Ke2 Bh4 44. Qd5 Qg2+ 45. Kd3 Bf6 46. Qa8
Qb2 47. Rd2 Qc3+ 48. Ke2 Qc4+ 49. Kf2 Qh4+ 50. Kf1 Qh3+ 51. Ke2 Qg2+ 52. Kd3
Qf1+ 53. Ke4 Qb1+ 54. Rd3 Qb2 55. Qd5 e6 56. Qd6 Qc1 57. Qc5 Qf1 58. Qc7 Qg2
59. Rd7 Qh3 60. Rxf7+ Kh6 61. Rh7+ Kg5 62. Qf4# 1-0